000 00212nam a22000857a 4500
008 160803b xxu||||| |||| 00| 0 eng d
100 _98
_aPurang Y.P
245 _aComposite Science-6
260 _aNew Delhi
_bPrachi
_c2013
999 _c2658
_d2658